¡Cómpluto! (Alcalá de Henares) (Record no. 165563)
[ view plain ]
| 000 -LEADER | |
|---|---|
| campo de control de longitud fija | 00608nam a2200169 i 4500 |
| 001 - NÚMERO DE CONTROL | |
| campo de control | 165563 |
| 003 - IDENTIFICADOR DE NÚMERO DE CONTROL | |
| campo de control | ES-MaACL |
| 005 - FECHA Y HORA DE LA ÚLTIMA TRANSACCIÓN | |
| campo de control | 20230906213149.0 |
| 008 - DATOS DE LONGITUD FIJA--INFORMACIÓN GENERAL | |
| campo de control de longitud fija | 990917s1894 sp |||| | spa d |
| 040 ## - FUENTE DE CATALOGACIÓN | |
| Centro catalogador/agencia de origen | CCPB | B |
| Lengua de catalogación | spa |
| Centro/agencia transcriptor | CCPB | B |
| 100 1# - ENTRADA PRINCIPAL--NOMBRE DE PERSONA | |
| Nombre de persona | Soravilla, Javier. |
| 9 (RLIN) | 132823 |
| 245 11 - MENCIÓN DEL TÍTULO | |
| Título | ¡Cómpluto! (Alcalá de Henares) |
| Resto del título | : apuntes para un libro, pensado y no escrito / |
| Mención de responsabilidad, etc. | Javier Soravilla. |
| 260 ## - PUBLICACIÓN, DISTRIBUCIÓN, ETC. | |
| Lugar de publicación, distribución, etc. | Madrid : |
| Nombre del editor, distribuidor, etc. | [s.n.], |
| Fecha de publicación, distribución, etc. | 1894 ( |
| Fabricante | Tipografía de los Hijos de M. G. Hernández) |
| 300 ## - DESCRIPCIÓN FÍSICA | |
| Extensión | 96 p. ; |
| Dimensiones | 22 cm. |
| 651 #4 - PUNTO DE ACCESO ADICIONAL DE MATERIA--NOMBRE GEOGRÁFICO | |
| Nombre geográfico | Alcalá de Henares- |
| Subdivisión general | Historia. |
| 9 (RLIN) | 7647 |
| 852 ## - LOCALIZACIÓN | |
| Ubicación | ES-MaACL |
| Número de control de estantería | G-441 |
| Nota libre | -- Enc. tela |
| Estatus retirado | Estado de pérdida | Estado de daño | No para préstamo | Colección | Biblioteca de origen | Biblioteca actual | Ubicación en estantería | Fecha de adquisición | Fuente de adquisición | Total de préstamos | Signatura topográfica completa | Código de barras | Visto por última vez | Precio de reemplazo | Tipo de ítem Koha |
|---|---|---|---|---|---|---|---|---|---|---|---|---|---|---|---|
| Libros del s. XIX | Biblioteca del Ateneo de Madrid | Biblioteca del Ateneo de Madrid | Depósito 2 | 17/01/2008 | G-441 | 1173625 | 23/02/2023 | 23/02/2023 | Libro impreso antiguo |
